| 000 | 00592nam a22001817a 4500 | ||
|---|---|---|---|
| 003 | CEME | ||
| 005 | 20210628201750.0 | ||
| 008 | 210216b xxu||||| |||| 00| 0 eng d | ||
| 020 | _a1-58053-143-1 | ||
| 040 | _c. | ||
| 082 | _a621.381535 KEN | ||
| 100 |
_aKenington, Peter.B _956739 |
||
| 245 | _aHigh linearity rf amplifier design | ||
| 260 |
_aBOSTON _bARTECH HOUSE _c2000 |
||
| 300 | _aXV,531P | ||
| 650 |
_aAMPLIFIRE RADIO FREQUENCY PHASE DISTORTION-ELECTRONIC-PREVENTION RADIO TRANSMITTERS AND TRANSMISSION MOBILE COMMUNICATION SYSTEMS RF AMPLIFIER DESIGN _956740 |
||
| 942 |
_cBK _2ddc |
||
| 999 |
_c567097 _d567097 |
||